[Event "Levanger Grand Prix A"]
[Site "Levanger"]
[Date "2018.09.09"]
[Round "7"]
[White "Wessel Berg, Dag"]
[Black "Kristensen, Trond"]
[Result "1/2-1/2"]
[WhiteElo "1535"]
[BlackElo "1623"]
[PlyCount "87"]
[EventDate "2018.09.07"]
[EventType "swiss"]
[EventRounds "7"]
[EventCountry "NOR"]
[SourceTitle "EXT 2024"]
[Source "ChessBase"]
[SourceDate "2023.10.10"]
[SourceVersion "1"]
[SourceVersionDate "2023.10.10"]
[SourceQuality "1"]

1. d4 e5 2. dxe5 f5 3. Nf3 Bc5 4. e3 d5 5. exd6 Be6 6. dxc7 Qxc7 7. Bd3 Ne7 8. 0-0 Nbc6 9. a3 0-0 10. Nc3 a6 11. b4 Bd6 12. h3 Rad8 13. Qe2 Ne5 14. Bb2 Nc4 15. Ng5 Nxb2 16. Nxe6 Qxc3 17. Nxf8 Rxf8 18. Qe1 Qe5 19. g3 Rf6 20. f4 Qd5 21. Qe2 Kh8 22. Qf3 Nxd3 23. Qxd5 Nxd5 24. cxd3 Nxe3 25. Rfe1 Nc2 26. Re8+ Bf8 27. Rc1 Nxa3 28. Rcc8 Kg8 29. Rb8 Nb5 30. Red8 Nd6 31. g4 fxg4 32. hxg4 Nb5 33. f5 g6 34. fxg6 hxg6 35. Rxb7 g5 36. Kg2 Nc3 37. Ra7 Ne2 38. Raa8 Nf4+ 39. Kg3 Kg7 40. Ra7+ Kg6 41. Rb7 Ne2+ 42. Kg2 Nf4+ 43. Kg3 Ne2+ 44. Kg2 1/2-1/2

[Event "Levanger Grand Prix A"]
[Site "Levanger"]
[Date "2018.09.08"]
[Round "5"]
[White "Rein, Roger"]
[Black "Kristensen, Trond"]
[Result "0-1"]
[WhiteElo "1113"]
[BlackElo "1623"]
[PlyCount "88"]
[EventDate "2018.09.07"]
[EventType "swiss"]
[EventRounds "7"]
[EventCountry "NOR"]
[SourceTitle "EXT 2024"]
[Source "ChessBase"]
[SourceDate "2023.10.10"]
[SourceVersion "1"]
[SourceVersionDate "2023.10.10"]
[SourceQuality "1"]

1. d4 Nf6 2. Bf4 g6 3. Nc3 Bg7 4. e4 d5 5. e5 Ne4 6. Nxe4 dxe4 7. c3 Nc6 8. Bc4 0-0 9. a3 a6 10. h4 e6 11. Qe2 f5 12. Qe3 h5 13. Nh3 Ne7 14. Bg5 Qe8 15. Nf4 Nc6 16. Nh3 Na5 17. Ba2 Qb5 18. Qc1 c5 19. Nf4 c4 20. Nxg6 Rf7 21. Rb1 Bd7 22. Qd1 Bf8 23. Qxh5 Rh7 24. Qd1 Bh6 25. Qd2 Bf8 26. Rh3 Kf7 27. h5 Qd5 28. Qe3 Ba4 29. Bf6 Bc2 30. Rc1 Bd3 31. Qg5 Bh6 32. Nh8+ Rhxh8 33. Qg6+ Kf8 34. Bxh8 Bxc1 35. Qg7+ Ke8 36. Qg8+ Kd7 37. Qxa8 Bxb2 38. Qg8 Bxc3+ 39. Kd1 Qxd4 40. Qf7+ Kc6 41. Qxe6+ Kb5 42. a4+ Kxa4 43. Qe7 Qxf2 44. Qd7+ b5 0-1

[Event "Helgeland & Salten Region-ch"]
[Site "Fauske"]
[Date "2018.01.27"]
[Round "2"]
[White "Kristensen, Trond"]
[Black "Johnsen, Kurt Arne"]
[Result "0-1"]
[WhiteElo "1638"]
[BlackElo "1690"]
[PlyCount "58"]
[EventDate "2018.01.27"]
[EventType "swiss"]
[EventRounds "4"]
[EventCountry "NOR"]
[SourceTitle "EXT 2024"]
[Source "ChessBase"]
[SourceDate "2023.10.10"]
[SourceVersion "1"]
[SourceVersionDate "2023.10.10"]
[SourceQuality "1"]

1. e4 e5 2. Nc3 Nf6 3. f4 d5 4. Nf3 Bc5 5. Na4 Nxe4 6. d3 Nf2 7. Qe2 0-0 8. Nxc5 Nxh1 9. fxe5 b6 10. Nb3 Bg4 11. d4 Nc6 12. Bf4 a5 13. Qe3 Bxf3 14. Qxf3 a4 15. Nd2 Nxd4 16. Qd3 Ne6 17. Qf3 Qh4+ 18. g3 Qxh2 19. 0-0-0 Nf2 20. Re1 Nxf4 21. gxf4 Ne4 22. Nxe4 dxe4 23. Qxe4 Rad8 24. Be2 Qf2 25. Rh1 g6 26. c3 Rd7 27. Bc4 Rfd8 28. Bxf7+ Rxf7 29. e6 Qxf4+ 0-1